000 00579nam a2200217Ia 4500
003 GCL
008 140319s9999 xx 000 0 eng d
020 _a1857150430
040 _aGCL /
_cGCL
082 0 4 _a823
_bC U
100 1 _aCONRAD, JOSEPH
245 1 0 _aUNDER WESTERN EYES /
_cCONRAD, JOSEPH
700 1 _aWATTS, CEDRIC
260 _aانجلترا :
_bEVERYMAN'S LIBRARY ،
_c1991
300 _a21 CM ؛
_cXLI,337 P
490 _aTHE MILLENNIUM LIBRARY
_v43
650 0 4 _aENGLISH LITERATURE
650 0 4 _aLITERATURE
650 0 4 _aENGLISH FICTION
942 _2ddc
_cBK
999 _c3879
_d3879